Statistics for British TV Sci-Fi Series

Click here to take the quiz!

General Stats

  • This quiz has been taken 76 times
  • The average score is 5 of 15

Answer Stats

HintAnswer% Correct
A Time Lord travels space and time in his TARDISDoctor Who
98%
Three million years into deep space, the last man alive crews this ship with a hologram, a cat and an androidRed Dwarf
82%
When Earth is destroyed by the Vogon fleet Arthur Dent uses this book to navigate through life, the universe and everythingThe Hitchhiker's Guide to the Galaxy
61%
Capt Jack Harkness and his team retrieve alien technology and respond to extra-terrestrial threatsTorchwood
58%
The crew of the Liberator fight a guerrilla war against the Terran FederationBlake's 7
38%
The Moonbase crew are stranded when the Moon is forced out of Earth’s orbitSpace 1999
38%
Troy Tempest commands the World Aquanaut Security Patrol’s main weaponStingray
27%
Teenagers with special powers battle the bad people of Earth and spaceThe Tomorrow People
26%
This holistic detective works on the fundamental interconnectedness of all thingsDirk Gently
23%
Strange anomalies bring prehistoric creatures to modern-day Great BritainPrimeval
23%
Lifelike ‘synths’, robotic servants are the must have for every householdHumans
21%
A force of interdimensional operatives (medium atomic weights) protects the universe from evil forces by disrupting the timelineSapphire and Steel
14%
A former NYPD detective now works for Demeter City police on the planet AltorSpace Precinct
2%
The spaceship HMS Camden Lock aims to bring alien business to Great BritainHyperdrive
0%
A young time traveller with superhuman powers, stuck on Earth after falling into a black hole searches for a way home helped by his teenage friendsSky
0%

Score Distribution

Percentile by Number Answered

Percent of People with Each Score

Your Score History

You have not taken this quiz